000 00957nam a2200205Ia 4500
003 Ost
005 20260507075654.0
008 260507s9999||||xx |||||||||||||| ||und||
040 _cfsecg
041 _aara
082 _a332.271
100 _aابراهيم، أحمد عبد اللطيف
_eمؤلف
245 0 _aشرح التنظيم القانوني للضريبة العامة على المبيعات ولائحته التنفيذية /
_c أحمد عبد اللطيف ابراهيم
260 _aالقاهرة:
_bالمكتب الثقافي;دار الأسماح,
_c2004
300 _a177 صفحة؛
_bإيضاحات ؛
_c24 سم
520 _aشرح المادة السادسة والعشرون إلى غاية الأربعون شرح المادة الحادية والأربعون إلى غاية الحادية والخمسون
653 _aالقانون التجاري
653 _aالمبيعات- الضرائب
942 _cكتاب
999 _c45666
_d45666